The world cities / (Record no. 25983)
[ view plain ]
| 000 -LEADER | |
|---|---|
| fixed length control field | 00647cam a22002175a 4500 |
| 001 - CONTROL NUMBER | |
| control field | 4633269 |
| 005 - DATE AND TIME OF LATEST TRANSACTION | |
| control field | 20180122102650.0 |
| 008 - FIXED-LENGTH DATA ELEMENTS--GENERAL INFORMATION | |
| fixed length control field | 780505s1977 enka frb 001 0 eng d |
| 020 ## - INTERNATIONAL STANDARD BOOK NUMBER | |
| International Standard Book Number | 0297773119 |
| 040 ## - CATALOGING SOURCE | |
| Original cataloging agency | DLC |
| Transcribing agency | DLC |
| Modifying agency | DLC |
| -- | EG-ScBUE |
| Language of cataloging | eng |
| 082 04 - DEWEY DECIMAL CLASSIFICATION NUMBER | |
| Classification number | 301.364 |
| Edition number | 22 |
| Item number | HAL |
| 100 1# - MAIN ENTRY--PERSONAL NAME | |
| Personal name | Hall, Peter, |
| Dates associated with a name | 1932-2014. |
| 9 (RLIN) | 38866 |
| 245 14 - TITLE STATEMENT | |
| Title | The world cities / |
| Statement of responsibility, etc | Peter Hall. |
| 250 ## - EDITION STATEMENT | |
| Edition statement | 2nd ed. |
| 260 ## - PUBLICATION, DISTRIBUTION, ETC. (IMPRINT) | |
| Place of publication, distribution, etc | London : |
| Name of publisher, distributor, etc | Weidenfeld and Nicolson, |
| Date of publication, distribution, etc | 1977. |
| 300 ## - PHYSICAL DESCRIPTION | |
| Extent | 271 p. : |
| Other physical details | ill. ; |
| Dimensions | 23 cm. |
| 504 ## - BIBLIOGRAPHY, ETC. NOTE | |
| Bibliography, etc | Includes bibliographical references and index. |
| 650 #7 - SUBJECT ADDED ENTRY--TOPICAL TERM | |
| Topical term or geographic name as entry element | Metropolitan areas. |
| Source of heading or term | BUEsh |
| 9 (RLIN) | 7269 |
| 653 ## - INDEX TERM--UNCONTROLLED | |
| Resource For college | Generalities |
| Arrived date list | January2018 |
| 942 ## - ADDED ENTRY ELEMENTS (KOHA) | |
| Source of classification or shelving scheme | Dewey Decimal Classification |
| Withdrawn status | Item status | Source of classification or shelving scheme | Damaged status | Not for loan | Home library | Current library | Shelving location | Date acquired | Total Checkouts | Full call number | Barcode | Date last seen | Koha item type |
|---|---|---|---|---|---|---|---|---|---|---|---|---|---|
| Dewey Decimal Classification | Central Library | Central Library | First floor | 22/01/2018 | 301.364 HAL | 000047149 | 15/07/2025 | Book - Borrowing |